000 00554nam a22001817a 4500
999 _c190307
_d190307
005 20220721162311.0
010 _aENG-133820
020 _c125.00
_a9788182110019
035 _aEN-117352
037 _bDBAD/PUB
082 _a485
100 _aPaul,Neeraj
245 _aEveryday Grammar:
_cby Neeraj Paul
_blearning grammar could never be simpler/
260 _bThe Readers Paradise
_c2012
_aNew Delhi
270 _a103,4787/23 Ansari Road,Daryaganj,
_bNew Delhi
_e110002
300 _a212p.
_c22cm(pbk)
942 _2ddc
_cEN
_h485
_mPAU